000 00670nam a2200193 a 4500
001 5529
003 CO-ViMGA
008 141112s2004 ck r 000 u spa d
040 _aCO-ViMGA
_bspa
_cCO-ViMGA
082 0 4 _a636.089 V455m
100 1 _aVillamil Jimenez, Luis Carlos
_93848
245 1 0 _aMedicina veterinaria y salud comunitaria /
_cVillamil Jimenez Luis CArlos , Herrera Gutierrez Javier , Vera Alfonso Victor J.
260 _aSantafé de Bogotá :
_bFondo Nacional Universitario,
_c1992
300 _a114 p
650 1 4 _aHerrera Gutierrez, Javier
_93849
650 1 4 _aVera Alfonso, Victor J.
_93850
650 1 4 _aVETERINARIA Y SALUD
_93851
942 _2ddc
_cBK
999 _c17514
_d17514